| 000 | 00904nam a22003137a 4500 | ||
|---|---|---|---|
| 003 | CHAP | ||
| 005 | 20220329140326.0 | ||
| 008 | 971013s1973 r 00010 d | ||
| 010 | _a50423 | ||
| 011 | _a51395 | ||
| 035 | _a55545 | ||
| 040 | _cCHAP | ||
| 082 |
_a590 _bV5 1973 |
||
| 100 | 0 | 0 |
_aVillee, Claude Alvin. _9119736 |
| 245 | _aGeneral zoology | ||
| 250 | _a4 ed. | ||
| 260 |
_aPhiladelphia : _bSaunders, _c1973 |
||
| 300 |
_a912 p. _b: ilus. |
||
| 590 |
_aBATCH-UPD _b10 _c20130110 _lUCH01 _h0558 |
||
| 590 |
_aBATCH-UPD _b10 _c20130410 _lUCH01 _h0240 |
||
| 590 |
_aBATCH-UPD _b10 _c20130914 _lUCH01 _h0538 |
||
| 590 |
_aCONVERSION _b10 _c20130109 _lUCH01 _h1327 |
||
| 650 | 1 | 4 |
_aZoologĂa. _9124151 |
| 700 | 0 |
_aBarnes, Robert D. _910259 |
|
| 700 | 0 |
_aWalker, Warren F. _9120900 |
|
| 901 | _aBK | ||
| 942 | _cLIBRO | ||
| 949 |
_a590 V5 1973 _bBC _cLIBRO _d33724000669776 _eLIBRO _h40098 _i55545 _mD _si |
||
| 999 |
_c50423 _d50423 |
||